Score 0/16 Timer 02:00
0 Plays Today
Clue 4-Letter Word % Correct
Prom carLIMO
95.6%
Kick or tossBOOT
95.1%
Walk favoring one legLIMP
94.8%
Home for a genieLAMP
94.5%
Partner of StitchLILO
94.2%
Owl soundHOOT
92.4%
Portal or entrywayDOOR
90.4%
Missile or grain storage siteSILO
86.2%
Clue 4-Letter Word % Correct
Second animal in a saying about MarchLAMB
84.2%
Rude, insensitive personBOOR
83.5%
Christian designer?DIOR
82.7%
River sedimentSILT
81.2%
First animal in a saying about MarchLION
80.1%
Dagger handleHILT
74.7%
Steve on 'Arrested Development'HOLT
72.6%
60's singer with the BelmontsDION
71.2%

Today's Daily Dose

Missing Word
I Hardly Know Her!

Word Ladder
Sentence Ending

Quick Pick
Female Firsts

Get the Picture
Triathlon Sports

Remove Ads.
Support Sporcle.
Get the best of Sporcle when you Go Orange. This ad-free experience offers more features, more stats, and more fun while also helping to support Sporcle. Thank you for becoming a member.

You're not logged in!

Compare scores with friends on all Sporcle quizzes.
OR
Log In

Show Comments

Extras

Top Quizzes Today


Score Distribution

Your Account Isn't Verified!

In order to create a playlist on Sporcle, you need to verify the email address you used during registration. Go to your Sporcle Settings to finish the process.

Report this User

Report this user for behavior that violates our Community Guidelines.

Details: